000 01069nas a2200361 4500
001 BR0203844
003 BR-BrBNA
005 20231205103135.0
007 ta
008 230509b bl.|||p| |||| 00| 00por d
040 _aBR-BrBNA
_bpor
_cBiblioteca Nacional de Agricultura
041 _a(Pt)
072 _aL74
100 1 _aDionello, N.J.L.
100 1 _aFerro, J.A.
100 1 _aMacari, M.
100 1 _aRutz, F.
100 1 _aFurlan, L.R.
100 1 _aFerro, M.I.T.
245 1 _aEfeito do estresse térmico agudo sobre os níveis da proteína e RNA mensageiro da HSP70, em fígado e cérebro de pintos de corte de diferentes linhagens
650 _aPINTO DE CORTE
650 _aLINHAGEM
650 _aPROTEÍNA
650 _aTEMPERATURA
650 _aPESO
650 _aIDADE
650 _aSTRESS
650 _aFÍGADO
650 _aCÉREBRO
773 0 _tRevista Brasileira de Zootecnia (Brazil)
_xISSN 1516-3598
_g(Sep-Oct 2001), v. 30(5) p. 1506-1513
_wBR0203844
909 _a202311
_bLúcia
_c55
_dLúcia Elande
942 _2AGRIS
_n0
_cANA
999 _c171299
_d171299